|
|
|
|
| LEADER |
00000cam a2200000 7i4500 |
| 001 |
0000002156 |
| 005 |
20030103.0 |
| 090 |
0 |
0 |
|a R353.88284
|b MAL 2002
|
| 110 |
1 |
0 |
|a MALAYSIA
|c Jabatan Perkhidmatan Awam
|
| 245 |
1 |
0 |
|a Senarai kelayakan bidang teknik yang diiktiraf oleh Kerajaan
|c Urus Setia Pengiktirafan Kelayakan, Bahagian Latihan, Jabatan Perkhidmatan Awam, Malaysia
|
| 260 |
0 |
0 |
|a Putrajaya :
|b Jabatan Perkhidmatan Awam ,
|c 2002
|
| 300 |
|
|
|a xii, 370 p. ;
|c 30 cm.
|
| 650 |
0 |
0 |
|a Degrees, Academic
|
| 650 |
0 |
0 |
|a Education, Higher
|
| 650 |
0 |
0 |
|a Universities and colleges
|x Accreditation
|
| 998 |
|
|
|a JPSM
|
| 999 |
|
|
|a 0000003556
|b Monograph
|c Reference
|e Default branch
|
| 999 |
|
|
|a 0000003557
|b Monograph
|c Reference
|e Default branch
|